[Event "Zagreb Damjanovic Memorial 1st"]
[Site "Zagreb"]
[Date "2016.11.11"]
[Round "2"]
[White "Ognjacevic, Alen"]
[Black "Hresc, Vladimir"]
[Result "1/2-1/2"]
[WhiteElo "2071"]
[BlackElo "2330"]
[PlyCount "93"]
[EventDate "2016.11.10"]
[EventType "swiss"]
[EventRounds "9"]
[EventCountry "CRO"]
[SourceTitle "CBM 175 Extra"]
[Source "ChessBase"]
[SourceDate "2016.12.12"]
[SourceVersion "1"]
[SourceVersionDate "2016.12.12"]
[SourceQuality "1"]

1. e4 c6 2. d4 d5 3. exd5 cxd5 4. c4 Nf6 5. Nc3 Nc6 6. Bg5 e6 7. Nf3 Be7 8. c5 0-0 9. Bb5 Bd7 10. Bxc6 Bxc6 11. Ne5 Ne4 12. Bxe7 Nxc3 13. Bxd8 Nxd1 14. Kxd1 Rfxd8 15. Kd2 Be8 16. f4 f6 17. Nd3 Kf7 18. b4 a5 19. a4 axb4 20. a5 Ra7 21. Rhb1 Rda8 22. Rxb4 Bc6 23. Rb6 Rxa5 24. Rxa5 Rxa5 25. Nb4 Ra7 26. Kc3 Bd7 27. f5 e5 28. g4 h5 29. Rd6 Ke8 30. dxe5 fxe5 31. Nxd5 Ra3+ 32. Kb4 Ra4+ 33. Kb3 Rxg4 34. f6 Ba4+ 35. Ka3 Kf7 36. fxg7 Bc6 37. Nb4 Be4 38. Nd5 Kxg7 39. Nf6 Rh4 40. Nxe4 Rxe4 41. Rd7+ Kf6 42. Rxb7 Ke6 43. Rb4 Rf4 44. Kb3 Kd5 45. Rxf4 exf4 46. c6 Kxc6 47. Kc4 1/2-1/2

[Event "CRO-chT2 Center"]
[Site "Croatia"]
[Date "2011.03.20"]
[Round "2.64"]
[White "Havas, Ladislav"]
[Black "Ognjacevic, Alen"]
[Result "1/2-1/2"]
[WhiteElo "2274"]
[BlackElo "2127"]
[PlyCount "65"]
[EventDate "2011.03.20"]
[EventType "team-tourn"]
[EventRounds "11"]
[EventCountry "CRO"]
[SourceTitle "EXT 2014"]
[Source "ChessBase"]
[SourceDate "2013.11.20"]
[SourceVersion "1"]
[SourceVersionDate "2013.11.20"]
[SourceQuality "1"]

1. d4 Nf6 2. c4 e6 3. Nf3 c5 4. d5 d6 5. Nc3 exd5 6. cxd5 g6 7. Nd2 Bg7 8. Nc4 0-0 9. Bg5 a6 10. a4 Qc7 11. Qd2 Re8 12. Qf4 Nbd7 13. Nxd6 Re5 14. Nc4 Nh5 15. Qd2 Re8 16. d6 Bxc3 17. dxc7 Bxd2+ 18. Kxd2 f6 19. Be3 Re6 20. g4 Ng7 21. Bg2 Re7 22. a5 Ne6 23. Nb6 Nxb6 24. axb6 Rd7+ 25. Kc3 Rd6 26. Rhd1 Rxb6 27. Rd8+ Kg7 28. Bd5 g5 29. h4 h6 30. Bc4 Rc6 31. Rad1 Nf8 32. hxg5 hxg5 33. f4 1/2-1/2

[Event "CRO-chT2 Center"]
[Site "Zagreb"]
[Date "2010.04.11"]
[Round "6.13"]
[White "Kovacevic, Veljko"]
[Black "Ognjacevic, Alen"]
[Result "1-0"]
[WhiteElo "2258"]
[BlackElo "2117"]
[PlyCount "65"]
[EventDate "2010.03.21"]
[EventType "team-tourn"]
[EventRounds "11"]
[EventCountry "CRO"]
[SourceTitle "EXT 2012"]
[Source "ChessBase"]
[SourceDate "2011.11.24"]
[SourceVersion "1"]
[SourceVersionDate "2011.11.24"]
[SourceQuality "1"]

1. c4 Nf6 2. Nc3 d6 3. d4 g6 4. e4 Bg7 5. f3 0-0 6. Be3 c5 7. dxc5 dxc5 8. Qxd8 Rxd8 9. Bxc5 Nc6 10. Rd1 Rxd1+ 11. Kxd1 Be6 12. Nd5 Rd8 13. Kc2 Kf8 14. Ne2 Bxd5 15. cxd5 Rc8 16. Nc3 b6 17. Ba6 Rc7 18. dxc6 bxc5 19. Bb7 Ne8 20. Nb5 Be5 21. g3 g5 22. Rd1 a6 23. Nxc7 Nxc7 24. Rd8+ Kg7 25. Rd7 Kf6 26. Kb3 Ne6 27. Kc4 Nf8 28. Kxc5 Bxb2 29. Rd5 Ne6+ 30. Kb6 Be5 31. Rxe5 Kxe5 32. c7 Nxc7 33. Kxc7 1-0

[Event "CRO-chT2 Center"]
[Site "Zagreb"]
[Date "2010.03.28"]
[Round "3.54"]
[White "Ognjacevic, Alen"]
[Black "Gabre, Zeljko"]
[Result "1-0"]
[WhiteElo "2117"]
[BlackElo "2119"]
[PlyCount "63"]
[EventDate "2010.03.21"]
[EventType "team-tourn"]
[EventRounds "11"]
[EventCountry "CRO"]
[SourceTitle "EXT 2012"]
[Source "ChessBase"]
[SourceDate "2011.11.24"]
[SourceVersion "1"]
[SourceVersionDate "2011.11.24"]
[SourceQuality "1"]

1. e4 g6 2. d4 Bg7 3. Nc3 d6 4. f4 Nf6 5. Nf3 0-0 6. Bd3 Bg4 7. 0-0 c5 8. d5 e6 9. h3 Bxf3 10. Qxf3 exd5 11. exd5 a6 12. a4 Nbd7 13. Kh1 Rc8 14. Bc4 Nh5 15. Bd2 Rb8 16. g4 Nhf6 17. Be2 Qc7 18. g5 Nh5 19. f5 Bd4 20. f6 Rfe8 21. Rae1 Be5 22. Ne4 Bxb2 23. Ng3 Nxg3+ 24. Qxg3 Re4 25. c3 Rbe8 26. Bf3 Rxe1 27. Bxe1 Ne5 28. Qh4 Kh8 29. Qh6 Rg8 30. Be4 Qd8 31. Rf4 Qf8 32. Qxh7+ 1-0

[Event "CRO-chT2 Center"]
[Site "Zagreb"]
[Date "2010.03.21"]
[Round "2.33"]
[White "Ognjacevic, Alen"]
[Black "Lasic, Luka"]
[Result "0-1"]
[WhiteElo "2117"]
[BlackElo "2222"]
[PlyCount "96"]
[EventDate "2010.03.21"]
[EventType "team-tourn"]
[EventRounds "11"]
[EventCountry "CRO"]
[SourceTitle "EXT 2012"]
[Source "ChessBase"]
[SourceDate "2011.11.24"]
[SourceVersion "1"]
[SourceVersionDate "2011.11.24"]
[SourceQuality "1"]

1. e4 d6 2. d4 Nf6 3. Nc3 Nbd7 4. f4 e5 5. Nf3 exd4 6. Qxd4 c6 7. Bc4 d5 8. exd5 Bc5 9. Qd3 0-0 10. Nd4 Re8+ 11. Nce2 Qb6 12. c3 cxd5 13. Bb3 Nf8 14. 0-0 Bf5 15. Qxf5 Rxe2 16. Qd3 Re4 17. Kh1 Bxd4 18. cxd4 Qxd4 19. Qxd4 Rxd4 20. Be3 Re4 21. Bg1 Ne6 22. g3 b6 23. Rad1 Rd8 24. Rd2 Nc5 25. Bc2 Re7 26. Rfd1 Red7 27. Bf5 Rd6 28. Bd4 Nfe4 29. Re2 g6 30. Bh3 f6 31. Bg2 Ne6 32. b3 Nxd4 33. Rxd4 f5 34. Rc2 Kf7 35. Rc7+ R6d7 36. Rxd7+ Rxd7 37. Bxe4 fxe4 38. Kg2 Ke6 39. Kf2 Rc7 40. Rd2 Rc3 41. Ke2 h5 42. Kf1 Kd6 43. Kg2 Kc5 44. h3 d4 45. g4 h4 46. Rf2 Rg3+ 47. Kh2 e3 48. Rc2+ Kd5 0-1

[Event "CRO-chT2b"]
[Site "Croatia"]
[Date "2009.10.18"]
[Round "8"]
[White "Ognjacevic, Alen"]
[Black "Mabic, Goran"]
[Result "1-0"]
[WhiteElo "2095"]
[BlackElo "2091"]
[PlyCount "62"]
[EventDate "2009.03.01"]
[EventType "team-tourn"]
[EventRounds "11"]
[EventCountry "CRO"]
[SourceTitle "EXT 2011"]
[Source "ChessBase"]
[SourceDate "2010.11.26"]
[SourceVersion "1"]
[SourceVersionDate "2010.11.26"]
[SourceQuality "1"]

1. e4 c5 2. Nf3 Nc6 3. Bb5 a6 4. Bxc6 dxc6 5. 0-0 Qc7 6. d4 cxd4 7. Nxd4 e5 8. Nf3 Nf6 9. Qe2 Bg4 10. Rd1 Be7 11. b3 0-0 12. Bb2 Rfe8 13. Nbd2 Bc5 14. Nc4 b5 15. Ne3 Bh5 16. Nf5 Ng4 17. Rf1 Rad8 18. h3 Nf6 19. Rad1 Rxd1 20. Rxd1 Bg6 21. N3h4 Qa7 22. Nd6 Re6 23. Ndf5 Re8 24. Qf3 Nxe4 25. Qxe4 Bxf2+ 26. Kh1 Bxh4 27. Qxh4 Bxf5 28. Rd8 Kf8 29. Ba3+ c5 30. Qf2 b4 31. Bxb4 cxb4 1-0

[Event "Velika Gorica op 8th"]
[Site "Velika Gorica"]
[Date "2008.08.24"]
[Round "2"]
[White "Ognjacevic, Alen"]
[Black "Havas, Ladislav"]
[Result "1/2-1/2"]
[WhiteElo "2083"]
[BlackElo "2290"]
[PlyCount "78"]
[EventDate "2008.08.23"]
[EventType "swiss"]
[EventRounds "9"]
[EventCountry "CRO"]
[SourceTitle "CBM 126 Extra"]
[Source "ChessBase"]
[SourceDate "2008.11.05"]
[SourceVersion "1"]
[SourceVersionDate "2008.11.05"]
[SourceQuality "1"]

1. e4 c5 2. Nf3 Nc6 3. Bb5 e6 4. 0-0 Nge7 5. c3 d5 6. d3 a6 7. Ba4 b5 8. Bc2 Ng6 9. exd5 Qxd5 10. Qe2 Bb7 11. d4 cxd4 12. Be4 d3 13. Qe3 Qc5 14. Nd4 Nd8 15. Bxb7 Nxb7 16. Qe4 0-0-0 17. a4 Qd5 18. Qxd5 Rxd5 19. axb5 axb5 20. Ra8+ Kc7 21. f4 Bc5 22. Rxh8 Nxh8 23. Be3 Kd7 24. Nd2 f6 25. Re1 e5 26. fxe5 fxe5 27. Nf5 Bf8 28. Bb6 g6 29. Ng3 Nf7 30. Nge4 Ke6 31. Rf1 Be7 32. b3 Rd7 33. c4 bxc4 34. bxc4 Nfd8 35. Nb3 Nc6 36. Bc5 Bd8 37. Be3 Be7 38. Bc5 Bd8 39. Be3 Be7 1/2-1/2

[Event "Zagreb op-B"]
[Site "Zagreb"]
[Date "2008.05.13"]
[Round "2"]
[White "Ognjacevic, Alen"]
[Black "Mihalinec, Damir"]
[Result "0-1"]
[WhiteElo "2080"]
[BlackElo "2242"]
[PlyCount "88"]
[EventDate "2008.05.12"]
[EventType "swiss"]
[EventRounds "9"]
[EventCountry "CRO"]
[SourceTitle "CBM 124 Extra"]
[Source "ChessBase"]
[SourceDate "2008.07.03"]
[SourceVersion "1"]
[SourceVersionDate "2008.07.03"]
[SourceQuality "1"]

1. e4 c5 2. Nf3 d6 3. Bb5+ Bd7 4. Bxd7+ Qxd7 5. 0-0 Nc6 6. c3 Nf6 7. Re1 g6 8. d4 Bg7 9. Bf4 Qg4 10. Bg3 0-0 11. h3 Qh5 12. d5 Ne5 13. Nxe5 dxe5 14. Qxh5 Nxh5 15. Bh2 Nf4 16. Nd2 b5 17. Rad1 Nd3 18. Re2 Nxb2 19. Rb1 Na4 20. Rb3 c4 21. Ra3 Rfc8 22. Re1 Bh6 23. Nf1 f6 24. Rb1 a6 25. g3 Nc5 26. f3 e6 27. dxe6 Nxe6 28. Kg2 Nc5 29. Bg1 Na4 30. Ne3 Bxe3 31. Bxe3 Rd8 32. Kf2 Rd3 33. Rc1 Kf7 34. Ke2 Rad8 35. Rc2 Rd1 36. h4 R8d3 37. Kf2 Ke6 38. Ke2 h5 39. Kf2 f5 40. exf5+ gxf5 41. Ke2 Rh1 42. Bf2 f4 43. gxf4 exf4 44. Be1 Re3+ 0-1

[Event "Velika Gorica op 7th"]
[Site "Velika Gorica"]
[Date "2007.08.23"]
[Round "7"]
[White "Ognjacevic, Alen"]
[Black "Klement, Dubravko"]
[Result "1-0"]
[WhiteElo "2111"]
[BlackElo "1927"]
[PlyCount "51"]
[EventDate "2007.08.18"]
[EventType "swiss"]
[EventRounds "9"]
[EventCountry "CRO"]
[SourceTitle "CBM 120 Extra"]
[Source "ChessBase"]
[SourceDate "2007.11.01"]
[SourceVersion "1"]
[SourceVersionDate "2007.11.01"]
[SourceQuality "1"]

1. e4 c5 2. Nf3 d6 3. Bb5+ Bd7 4. Bxd7+ Qxd7 5. 0-0 Nc6 6. c3 Nf6 7. Re1 e6 8. d4 cxd4 9. cxd4 d5 10. e5 Ng8 11. Nc3 Bb4 12. Re3 Bxc3 13. Rxc3 Nge7 14. Bf4 0-0 15. Nh4 Ng6 16. Bg3 Rac8 17. Qg4 Nce7 18. Nxg6 Nxg6 19. Rf3 Rc2 20. h4 Rfc8 21. h5 Rc1+ 22. Rxc1 Rxc1+ 23. Kh2 Ne7 24. Qf4 Rc8 25. Qxf7+ Kh8 26. Bh4 1-0

[Event "Velika Gorica op 7th"]
[Site "Velika Gorica"]
[Date "2007.08.22"]
[Round "6"]
[White "Zecevic, Dean"]
[Black "Ognjacevic, Alen"]
[Result "1-0"]
[WhiteElo "2369"]
[BlackElo "2111"]
[PlyCount "79"]
[EventDate "2007.08.18"]
[EventType "swiss"]
[EventRounds "9"]
[EventCountry "CRO"]
[SourceTitle "CBM 120 Extra"]
[Source "ChessBase"]
[SourceDate "2007.11.01"]
[SourceVersion "1"]
[SourceVersionDate "2007.11.01"]
[SourceQuality "1"]

1. e4 e5 2. Nf3 Nc6 3. Bb5 Nf6 4. d3 Bc5 5. 0-0 d6 6. c3 0-0 7. h3 Ne7 8. d4 Bb6 9. Re1 Ng6 10. Nbd2 c6 11. Bf1 Qe7 12. Nc4 Bc7 13. a4 Re8 14. dxe5 dxe5 15. Qc2 h6 16. b3 Nh5 17. g3 Qf6 18. Qe2 Be6 19. Nh2 Bxc4 20. Qxc4 Bb6 21. Ng4 Qe7 22. a5 Bc5 23. b4 Bd6 24. Ne3 Qc7 25. Nf5 Bf8 26. Qe2 Nf6 27. Qf3 Nh7 28. h4 Ne7 29. Bc4 Nxf5 30. Qxf5 Qe7 31. Be3 Qf6 32. Qg4 Red8 33. Rad1 Rd6 34. Rxd6 Bxd6 35. Qd7 Qe7 36. Qf5 Nf8 37. Rd1 Bc7 38. Bc5 Qe8 39. Bxf8 Kxf8 40. Rd7 1-0

[Event "Velika Gorica op 7th"]
[Site "Velika Gorica"]
[Date "2007.08.19"]
[Round "3"]
[White "Ognjacevic, Alen"]
[Black "Kamenecki, Stjepan"]
[Result "0-1"]
[WhiteElo "2111"]
[BlackElo "1910"]
[PlyCount "68"]
[EventDate "2007.08.18"]
[EventType "swiss"]
[EventRounds "9"]
[EventCountry "CRO"]
[SourceTitle "CBM 120 Extra"]
[Source "ChessBase"]
[SourceDate "2007.11.01"]
[SourceVersion "1"]
[SourceVersionDate "2007.11.01"]
[SourceQuality "1"]

1. e4 e5 2. Nf3 Nc6 3. Bb5 a6 4. Bxc6 dxc6 5. d4 exd4 6. Qxd4 Qxd4 7. Nxd4 Bd7 8. Be3 0-0-0 9. Nd2 Be7 10. 0-0-0 Bf6 11. N2b3 b6 12. Ne2 Re8 13. f3 h5 14. h4 Bd8 15. Bd4 Rh7 16. Kb1 c5 17. Bf2 f5 18. Ng3 g6 19. Rde1 Nf6 20. exf5 Rxe1+ 21. Bxe1 gxf5 22. Bd2 Nd5 23. a3 f4 24. Ne4 Rg7 25. c4 Ne3 26. g3 Bf5 27. gxf4 Nxc4 28. Kc1 Rg2 29. Bc3 Ne3 30. Nbd2 Nd5 31. Be5 Be7 32. Ng5 c4 33. Kd1 c3 34. bxc3 Ne3+ 0-1

[Event "Zagreb op"]
[Site "Zagreb"]
[Date "2006.01.22"]
[Round "9"]
[White "Urukalovic, Roman"]
[Black "Ognjacevic, Alen"]
[Result "1-0"]
[WhiteElo "2231"]
[BlackElo "2010"]
[PlyCount "71"]
[EventDate "2006.01.14"]
[EventType "swiss"]
[EventRounds "9"]
[EventCountry "CRO"]
[SourceTitle "CBM 110 Extra"]
[Source "ChessBase"]
[SourceDate "2006.03.10"]
[SourceVersion "2"]
[SourceVersionDate "2006.03.10"]
[SourceQuality "1"]

1. e4 e5 2. Nf3 Nc6 3. Bb5 Nf6 4. 0-0 Bc5 5. c3 0-0 6. d4 Bb6 7. Bg5 h6 8. Bh4 d6 9. Qd3 Qe7 10. Nbd2 Bg4 11. Rfe1 Rad8 12. a4 a5 13. Nc4 Bxf3 14. Qxf3 exd4 15. Bxc6 bxc6 16. e5 dxe5 17. Rxe5 Qd7 18. Bxf6 gxf6 19. Qxf6 dxc3 20. bxc3 Qg4 21. Nxb6 Rd6 22. Qe7 Rg6 23. g3 cxb6 24. Re4 Qf5 25. Rae1 Qd5 26. Rf4 Qg5 27. Qc7 Rf6 28. h4 Qg6 29. Ree4 Rxf4 30. Rxf4 Qe6 31. Qxb6 Re8 32. Qxa5 Rb8 33. Qf5 Qb3 34. Rg4+ Kf8 35. Qc5+ Ke8 36. Re4+ 1-0

[Event "Velika Gorica op 5th"]
[Site "Velika Gorica"]
[Date "2005.08.26"]
[Round "8"]
[White "Kalajzic, Ivan"]
[Black "Ognjacevic, Alen"]
[Result "1-0"]
[WhiteElo "2154"]
[BlackElo "1998"]
[PlyCount "57"]
[EventDate "2005.08.20"]
[EventType "swiss"]
[EventRounds "9"]
[EventCountry "CRO"]
[SourceTitle "CBM 108 Extra"]
[Source "ChessBase"]
[SourceDate "2005.11.04"]
[SourceVersion "1"]
[SourceVersionDate "2005.11.04"]
[SourceQuality "1"]

1. b3 e5 2. Bb2 Nc6 3. e3 Nf6 4. Bb5 d6 5. d4 exd4 6. Qxd4 Bd7 7. Bxc6 Bxc6 8. Nf3 Be7 9. c4 0-0 10. Nc3 Qd7 11. 0-0-0 a5 12. h3 Ra6 13. e4 Rb6 14. Nd5 Bxd5 15. exd5 a4 16. Rd3 Ra8 17. Re1 Ne8 18. Qe4 Bf6 19. Nd4 axb3 20. axb3 g6 21. Rde3 Ng7 22. g4 Re8 23. Qxe8+ Nxe8 24. Rxe8+ Kg7 25. R1e7 Qxe7 26. Ne6+ Qxe6 27. dxe6 Bxb2+ 28. Kxb2 Kf6 29. g5+ 1-0